El aula como espacio de investigación y reflexión (Record no. 20608)

MARC details
000 -LEADER
campo de control de longitud fija 01640nmc a2200577 a 4500
003 - IDENTIFICADOR DE NÚMERO DE CONTROL
campo de control AR-BaBNM
005 - FECHA Y HORA DE LA ÚLTIMA TRANSACCIÓN
campo de control 20251128211646.0
008 - DATOS DE LONGITUD FIJA--INFORMACIÓN GENERAL
campo de control de longitud fija 195020s2001 ||||||||||||||000 | spa||
020 ## - NÚMERO INTERNACIONAL ESTÁNDAR DEL LIBRO
Número Internacional Estándar del Libro 84-7827-262-3
040 ## - FUENTE DE CATALOGACIÓN
Centro/agencia transcriptor AR-BaBNM
245 10 - MENCIÓN DEL TÍTULO
Título El aula como espacio de investigación y reflexión
Resto del título investigaciones en didáctica de la lengua
250 ## - MENCION DE EDICION
Mención de edición 1ª ed.
260 ## - PUBLICACIÓN, DISTRIBUCIÓN, ETC.
Lugar de publicación, distribución, etc. Barcelona
Nombre del editor, distribuidor, etc. Graó
Fecha de publicación, distribución, etc. 2001
300 0# - DESCRIPCIÓN FÍSICA
Extensión 223 p.
490 #0 - MENCIÓN DE SERIE
Mención de serie Colección Graó. Biblioteca de Textos
Designación de volumen o secuencia 162
504 ## - NOTA DE BIBLIOGRAFÍA, ETC.
Nota de bibliografía, etc. Nota Incluye bibliografía al final de cada capítulo
650 #4 - PUNTO DE ACCESO ADICIONAL DE MATERIA--TÉRMINO DE MATERIA
Término de materia o nombre geográfico como elemento de entrada DIDACTICA
651 #4 - PUNTO DE ACCESO ADICIONAL DE MATERIA--NOMBRE GEOGRÁFICO
Nombre geográfico España
653 ## - TÉRMINO DE INDIZACIÓN--NO CONTROLADO
Término no controlado ENSENANZA DE LA LENGUA
653 ## - TÉRMINO DE INDIZACIÓN--NO CONTROLADO
Término no controlado INVESTIGACION EDUCATIVA
653 ## - TÉRMINO DE INDIZACIÓN--NO CONTROLADO
Término no controlado EDUCACION INICIAL
653 ## - TÉRMINO DE INDIZACIÓN--NO CONTROLADO
Término no controlado EDUCACION PRIMARIA
653 ## - TÉRMINO DE INDIZACIÓN--NO CONTROLADO
Término no controlado EDUCACION SECUNDARIA
653 ## - TÉRMINO DE INDIZACIÓN--NO CONTROLADO
Término no controlado EDUCACION SUPERIOR
700 1# - ENTRADA AGREGADA--NOMBRE PERSONAL
Nombre de persona Camps, Anna
Término indicativo de función/relación coordinador
700 1# - ENTRADA AGREGADA--NOMBRE PERSONAL
Nombre de persona Ballesteros, Cristina
700 1# - ENTRADA AGREGADA--NOMBRE PERSONAL
Nombre de persona Barrio, J.Lino
700 1# - ENTRADA AGREGADA--NOMBRE PERSONAL
Nombre de persona Bigas, Montserrat
700 1# - ENTRADA AGREGADA--NOMBRE PERSONAL
Nombre de persona Cambra, Margarita
700 1# - ENTRADA AGREGADA--NOMBRE PERSONAL
Nombre de persona Carceller, Pilar
700 1# - ENTRADA AGREGADA--NOMBRE PERSONAL
Nombre de persona Castelló, Montserrat
700 1# - ENTRADA AGREGADA--NOMBRE PERSONAL
Nombre de persona Civera, Isabel
700 1# - ENTRADA AGREGADA--NOMBRE PERSONAL
Nombre de persona Correig, Montserrat
700 1# - ENTRADA AGREGADA--NOMBRE PERSONAL
Nombre de persona Escobar, Cristina
700 1# - ENTRADA AGREGADA--NOMBRE PERSONAL
Nombre de persona Ferrer, Montserrat
700 1# - ENTRADA AGREGADA--NOMBRE PERSONAL
Nombre de persona Fons, Montserrat
700 1# - ENTRADA AGREGADA--NOMBRE PERSONAL
Nombre de persona Guasch, Oriol
700 1# - ENTRADA AGREGADA--NOMBRE PERSONAL
Nombre de persona Llobera, Miguel
700 1# - ENTRADA AGREGADA--NOMBRE PERSONAL
Nombre de persona Milian, Marta
700 1# - ENTRADA AGREGADA--NOMBRE PERSONAL
Nombre de persona Notario, Gemma
700 1# - ENTRADA AGREGADA--NOMBRE PERSONAL
Nombre de persona Palou, Juli
700 1# - ENTRADA AGREGADA--NOMBRE PERSONAL
Nombre de persona Perera, Joan
700 1# - ENTRADA AGREGADA--NOMBRE PERSONAL
Nombre de persona Pérez, Francisca
700 1# - ENTRADA AGREGADA--NOMBRE PERSONAL
Nombre de persona Ribas, Teresa
700 1# - ENTRADA AGREGADA--NOMBRE PERSONAL
Nombre de persona Riera, Montserrat
700 1# - ENTRADA AGREGADA--NOMBRE PERSONAL
Nombre de persona Ríos, Isabel
700 1# - ENTRADA AGREGADA--NOMBRE PERSONAL
Nombre de persona Soliva, María
700 1# - ENTRADA AGREGADA--NOMBRE PERSONAL
Nombre de persona Vilà, Montserrat
942 ## - ELEMENTOS DE ENTRADA SECUNDARIOS (KOHA)
Tipo de ítem Koha Libros
998 ## - INFORMACIÓN DE CONTROL LOCAL (RLIN)
Iniciales del catalogador, CIN (RLIN) calidad
Holdings
Estatus retirado Estado de pérdida Fuente de la clasificación o esquema de estantería Estado de daño No para préstamo Biblioteca de origen Biblioteca actual Fecha de adquisición Fuente de adquisición Total de préstamos Signatura topográfica completa Código de barras Visto por última vez Precio de reemplazo Tipo de ítem Koha
    Clasificación Decimal Dewey     Liberty Liberty 28/11/2025 C-BP-0002   372.46 CAM 136856 28/11/2025 28/11/2025 Libros
    Clasificación Decimal Dewey     Liberty Liberty 28/11/2025 C-BP-0002   372.46 CAM 136857 28/11/2025 28/11/2025 Libros